000
00296nam a2200109Ia 4500
008
230907s9999||||xx |||||||||||||| ||und||
082
_a
621.3
_b
THE
245
2
_a
A textbook of electrical technology /
260
_a
S. Chand & Company,
_b
New Delhi :
_c
2014
300
_a
xxxii, 2750 p.
942
_c
BK
999
_c
600084
_d
600084